Luật Doanh nghiệp

সংরক্ষণ করুন:
গ্রন্থ-পঞ্জীর বিবরন
সংস্থা লেখক: Việt Nam (CHXHCN). Luật lệ và sắc lệnh
বিন্যাস: গ্রন্থ
ভাষা:Vietnamese
প্রকাশিত: H. Chính trị Quốc gia 2000
বিষয়গুলি:
ট্যাগগুলো: ট্যাগ যুক্ত করুন
কোনো ট্যাগ নেই, প্রথমজন হিসাবে ট্যাগ করুন!
Thư viện lưu trữ: Trung tâm Học liệu Lê Vũ Hùng, Trường Đại học Đồng Tháp
LEADER 00924pam a22002658a 4500
001 00024544
005 20171026081022.0
008 110721s2000 ||||||viesd
020 |c 7000 
041 0 # |a vie 
082 1 4 |a 346.597  |b L504D 
110 1 # |a Việt Nam (CHXHCN). Luật lệ và sắc lệnh 
245 1 0 |a Luật Doanh nghiệp 
260 # # |a H.  |b Chính trị Quốc gia  |c 2000 
300 # # |a 99tr.  |c 19 cm. 
650 # 4 |a Doanh nghiệp 
650 # 4 |a Văn bản pháp quy 
650 # 4 |a Việt Nam 
650 # 4 |a Pháp luật 
852 # # |b Kho giáo trình  |j KGT.0017392, KGT.0017393, KGT.0017394, KGT.0017395 
852 # # |j KGT.0017393  |j KGT.0017394  |j KD.0010241  |j KGT.0017392  |j KGT.0017395 
852 # # |b Kho đọc  |j KD.0010241 
852 # # |b Kho mượn  |j KGT.0017392 
910 0 # |a Ntuyet  |d 21/07/2011 
980 # # |a Trung tâm Học liệu Lê Vũ Hùng, Trường Đại học Đồng Tháp